5HLuxD.jpg

KING HENRY VIII SENIOR AND PRIMARY SCHOOL LIBRARY OPAC

DAVID GOES TO SCHOOL (Record no. 5545)

000 -LEADER
fixed length control field 00336nam a22001217a 4500
008 - FIXED-LENGTH DATA ELEMENTS--GENERAL INFORMATION
fixed length control field 251002b ||||| |||| 00| 0 eng d
020 ## - INTERNATIONAL STANDARD BOOK NUMBER
International Standard Book Number 9780439321716
082 ## - DEWEY DECIMAL CLASSIFICATION NUMBER
Classification number 813.54 SHA
100 ## - MAIN ENTRY--PERSONAL NAME
Personal name SHANNON,DAVID
Relator term AUTHOR
Language of a work ENGLISH
245 ## - TITLE STATEMENT
Title DAVID GOES TO SCHOOL
260 ## - PUBLICATION, DISTRIBUTION, ETC.
Place of publication, distribution, etc. 555 BROADWAY,NEW YORK,NY 10012
Name of publisher, distributor, etc. BLUE SKY PRESS
Date of publication, distribution, etc. 1999
942 ## - ADDED ENTRY ELEMENTS (KOHA)
Source of classification or shelving scheme
Holdings
Withdrawn status Lost status Source of classification or shelving scheme Damaged status Not for loan Collection code Permanent Location Current Location Shelving location Date acquired Full call number Barcode Date last seen Price effective from Koha item type Public note
          Fiction KH8 Primary School Library KH8 Primary School Library Fiction 2025-10-02 813.54 SHA KHPL000007251 2025-10-02 2025-10-02 Books - Fiction PRIMARY LIBRARY

Powered By KH8 IT Dept